000 01278namaa2200313 i 4500
003 EG-GICUC
005 20260504150104.0
008 260504s1979 sy |||jr|||| 000 p ara d
040 _aEG-GiCUC
_bara
_cEG-GiCUC
_dEG-GiCUC
_erda
082 0 4 _221
_a811.5
_bA834
092 0 4 _221
_a811.5
_bA834
099 _a811.5 A834
100 1 _aالعسكرى، ابو هلال الحسن بن عبد الله
_eمؤلف.
245 1 _aديوان العسكرى :
_bوهو ابو هلال الحسن بن عبد الله/
_cجمعه وحققه الدكتور جورج قنازع.
246 1 0 _aالعسكرى
264 _aدمشق (سوريا) :
_bمجمع اللغة العربية،
_c1979.
300 _a256 صفحة
_b؛
_c24 سم
336 _2rdacontent
_atext
337 _2rdamedia
_aUnmediated
338 _2rdacarrier
_avolume
504 _a يشتمل على ارجاعات ببليوجرافية.
541 _aد. جابر عصفور ؛
_bالقاهرة ؛
_cإهداء ؛
_d2024.
600 1 0 _aالعسكرى، ابو هلال الحسن بن عبد الله
_910773
650 1 7 _aالشعر العربى
_xتاريخ
_yالعصر العباسى
_2qrmak
651 1 _2qrmak
700 1 _aقنازع، جورج
_eمحقق.
905 _aAya
942 _2ddc
_cBK
_e21
_n0
999 _c179964
_d179964